Do you need to prevent your neighbours getting a right to light? (Record no. 73033)

MARC details
000 -LEADER
fixed length control field 01290cam a2200205 4500
001 - CONTROL NUMBER
control field X122994
008 - FIXED-LENGTH DATA ELEMENTS--GENERAL INFORMATION
fixed length control field 030714n2001 000 0 eng u
035 ## - SYSTEM CONTROL NUMBER
System control number (Sirsi) u122994
100 ## - MAIN ENTRY--PERSONAL NAME
Personal name Redler, A.
245 ## - TITLE STATEMENT
Title Do you need to prevent your neighbours getting a right to light?
260 ## - PUBLICATION, DISTRIBUTION, ETC.
Date of publication, distribution, etc. 2001
490 ## - SERIES STATEMENT
Series statement RICS Building Surveying Faculty Feature
Volume/sequential designation 22 October 2001 (2)
520 ## - SUMMARY, ETC.
Summary, etc. Feature by the Chairman of the RICS Boundaries and Party Walls Working Group discussing the legal remedies available to property owners and building owners to prevent neighbours from acquiring a right to light. A Notice of Notional Obstruction under the Rights of Light Act 1959 can be served on all owners of neighbouring properties. The Notice is served through the local authority and is registered as a land charge. The Notice needs to identify the site and the neighbouring property and usually states that it relates to a notional screen of unlimited height on the boundaries of the site. View at www.rics.org/bs.
650 ## - SUBJECT ADDED ENTRY--TOPICAL TERM
Topical term or geographic name entry element NOTICES OF NOTIONAL OBSTRUCTION
650 ## - SUBJECT ADDED ENTRY--TOPICAL TERM
Topical term or geographic name entry element RIGHTS OF LIGHT ACT 1959
650 ## - SUBJECT ADDED ENTRY--TOPICAL TERM
Topical term or geographic name entry element RIGHTS TO LIGHT
690 ## - LOCAL SUBJECT ADDED ENTRY--TOPICAL TERM (OCLC, RLIN)
Topical term or geographic name as entry element Boundary disputes
9 (RLIN) 6221
856 ## - ELECTRONIC LOCATION AND ACCESS
Uniform Resource Identifier <a href="https://www.rics.org/RICSWEB/getpage.aspx?p=8dtnCTURsUmFzEdAOkqCpQ">https://www.rics.org/RICSWEB/getpage.aspx?p=8dtnCTURsUmFzEdAOkqCpQ</a>
Public note View the related article
942 ## - ADDED ENTRY ELEMENTS (KOHA)
Suppress in OPAC 0
Holdings
Withdrawn status Lost status Source of classification or shelving scheme Damaged status Not for loan Home library Current library Shelving location Date acquired Total Checkouts Full call number Barcode Date last seen Copy number Price effective from Koha item type
    Dewey Decimal Classification     Virtual Virtual Online 14/07/2003   ONLINE PUBLICATION 122994-1001 06/08/2019 1 06/08/2019 Journal article